Statistics for FIFA 2018 World Cup teams average player height

Click here to take the quiz!

General Stats

  • This quiz has been taken 99 times
  • The average score is 7 of 16

Answer Stats

HintAverage player heightAnswer% Correct
Tallest183.8 cmGermany
87%
Shortest179.4 cmArgentina
66%
Shortest179.5 cmSpain
60%
Tallest184.3 cmRussia
56%
Tallest185.0 cmDenmark
48%
Shortest178.1 cmJapan
47%
Tallest185.2 cmSweden
47%
Shortest176.2 cmSaudi Arabia
42%
Shortest180.1 cmEgypt
40%
Tallest184.9 cmCroatia
38%
Shortest179.5 cmMexico
36%
Tallest185.0 cmIceland
33%
Tallest185.6 cmSerbia
33%
Shortest179.8 cmUruguay
32%
Shortest178.3 cmPeru
27%
Tallest184.0 cmTunisia
25%

Score Distribution

Percentile by Number Answered

Percent of People with Each Score

Your Score History

You have not taken this quiz